000 00635nam a2200241Ia 4500
003 OSt
005 20220924114411.0
006 a|||||r|||| 00| 0
007 ta
008 220923b |||||||| |||| 00| 0 san d
024 _a34409
037 _cTextual
040 _aARTS
_cARTS
_bsan
041 _2san
_asan
082 _aO15,2N03,2, K8
100 _aJaguu A l
_9173318
245 0 _aPratigyakautilyam
260 _aBangalore
_bJaggu Vakulabhushanam India
_c1968
300 _a79p.
_ccm.
650 _aSANSKRIT LITERATURE
942 _hO15,2N03,2, K8
_cTEXL
_2CC
999 _c393348
_d393348